[Event "FRA-ch U12"]
[Site "Agen"]
[Date "2021.10.27"]
[Round "5"]
[White "Brion Lacherest, Nathan"]
[Black "Boumrar, Ayrad"]
[Result "0-1"]
[WhiteElo "1664"]
[BlackElo "1922"]
[PlyCount "105"]
[EventDate "2021.10.22"]
[EventType "swiss"]
[EventRounds "9"]
[EventCountry "FRA"]
[SourceTitle "EXT 2023"]
[Source "ChessBase"]
[SourceDate "2022.10.05"]
[SourceVersion "1"]
[SourceVersionDate "2022.10.05"]
[SourceQuality "1"]

1. e4 c5 2. Nc3 e6 3. Nf3 Nc6 4. d4 cxd4 5. Nxd4 Qc7 6. Be3 a6 7. a4 Nf6 8. Be2 Bb4 9. f3 d5 10. 0-0 Bd6 11. f4 Nxe4 12. Nxe4 dxe4 13. Nxc6 Qxc6 14. Qd4 0-0 15. Rfd1 Be7 16. c3 Bf6 17. Qb4 e5 18. Rd6 a5 19. Qa3 Qc7 20. Bc5 Be6 21. Rxe6 fxe6 22. Bxf8 Rxf8 23. Qb3 exf4 24. Qxe6+ Kh8 25. Qxe4 Qb6+ 26. Kf1 Qxb2 27. Rb1 Qxc3 28. Rxb7 g6 29. Bd3 Bg7 30. Ke2 Qf6 31. Re7 Qd6 32. Kf3 Qd8 33. Qe2 Qd5+ 34. Qe4 Qh5+ 35. Kf2 f3 36. Re8 Qc5+ 37. Kg3 Qg5+ 38. Kf2 Qxg2+ 39. Ke3 Qg1+ 40. Kd2 Qxh2+ 41. Kd1 Qg1+ 42. Kd2 Bh6+ 43. Kc2 Qc5+ 44. Bc4 f2 45. Qe6 Rxe8 46. Qxe8+ Qf8 47. Qe5+ Bg7 48. Qb5 h5 49. Bf1 Qb4 50. Qe8+ Kh7 51. Qc6 Qb2+ 52. Kd3 Qb1+ 53. Ke2 0-1